Μαθήματα στερεομετρίας
Saved in:
| Main Author: | |
|---|---|
| Format: | Book |
| Language: | Greek |
| Published: |
Αθήνα :
[Εκτυπώσεις offset ΦΑΡΟΣ],
1978.
|
| Subjects: | |
| Tags: |
Add Tag
No Tags, Be the first to tag this record!
|
MARC
| LEADER | 00000cam a2200000 i 4500 | ||
|---|---|---|---|
| 001 | 1/47939 | ||
| 008 | 941103s1978 gr ||| | gre|| | ||
| 035 | |a 1988 |c ΔΩΡΕΑ |l 10043201 | ||
| 040 | |a GR-MyUA |b gre |e AACR2 | ||
| 041 | 0 | |a gre | |
| 082 | 0 | |a 516.23 | |
| 100 | 1 | |a Πνευματικός, Νικόλαος. | |
| 245 | 1 | 0 | |a Μαθήματα στερεομετρίας / |c Νικόλαου Πνευματικού. |
| 260 | |a Αθήνα : |b [Εκτυπώσεις offset ΦΑΡΟΣ], |c 1978. | ||
| 300 | |a 506 σ. : |b εικ. ; |c 25 εκ. | ||
| 500 | |a Πρός χρήσιν των μαθητών των Λυκείων, των υποψηφίων δια τας ανωτάτας σχολάς του κράτους, ώς και των υποψηφίων δια τας στρατιωτικάς σχολάς. Στο εξώφυλλο "Για τους μαθητές Λυκείων και για τους υποψηφίους στις στρατιωτικές και ανώτατες σχολές του κράτους". Νέα έκδοση 1978. | ||
| 500 | |a Περιέχει ιδιόχειρη αφιέρωση του συγγραφέα "Για την Βιβλιοθήκη του Μαθηματικού Τμήματος Σάμου" υπογραφή. | ||
| 650 | 0 | 0 | |a Geometry, solid. |
| 650 | 0 | 0 | |a Geometry, solid |x Problems, exercises, etc. |
| 852 | |a INST |b SAMOS |e 19941103 |h 516.23 ΠΝΕ |p 005300001229 |q 005300001229 |t BK |y 0 | ||
| 909 | |a Σ |b 012205 | ||